01452nam a2200349 a 4500001001200000003000800012006001900020007001500039008004100054010001700095020003900112020002700151040002100178035002100199050002200220082001400242100001700256245010500273260006300378300002500441504005100466505012000517533015200637650003300789650002300822650002900845650003900874655002900913710001700942856012600959999001701085ebr10677243CaPaEBRm u cr cn|||||||||120928s2013 nhud sb 001 0 eng d z 2012026803 z9781611682557 (cloth : alk. paper) z9781611683769 (e-book) aCaPaEBRcCaPaEBR a(OCoLC)83978414014aHC85b.N32 2013eb04a333.72231 aNaam, Ramez.14aThe infinite resourceh[electronic resource] :bthe power of ideas on a finite planet /cRamez Naam. aDurham, N.H. :bUniversity of New Hampshire Press,cc2013. aviii, 349 p. :bill. aIncludes bibliographical references and index.0 apt. 1. The best of times -- pt. 2. The worst of times -- pt. 3. The power of ideas -- pt. 4. Unleashing innovation. aElectronic reproduction.bPalo Alto, Calif. :cebrary,d2013.nAvailable via World Wide Web.nAccess may be limited to ebrary affiliated libraries. 0aRenewable natural resources. 0aNatural resources. 0aSustainable development. 0aConservation of natural resources. 7aElectronic books.2local2 aebrary, Inc.40uhttp://site.ebrary.com/lib/rucke/Doc?id=10677243zAn electronic book accessible through the World Wide Web; click to view c58971d58971